Metódy merania trhových rizík diplomová práca

Na minha lista:
Detalhes bibliográficos
Autor principal: Darnady, Ivan
Autor Corporativo: Fakulta podnikového manažmentu EU. Katedra podnikových financií
Outros Autores: Polednáková, Anna, 1957-
Formato: Livro
Idioma:eslovaco
Publicado em: Bratislava 2025
Tags: Adicionar Tag
Sem tags, seja o primeiro a adicionar uma tag!

MARC

LEADER 00000nbm a2200000 4500
001 0310004
005 20260113091202.2
041 0 |a slo 
044 |a SK 
245 1 0 |a Metódy merania trhových rizík  |b diplomová práca  |c Ivan Darnady ; školiteľ: Anna Polednáková 
264 1 |a Bratislava  |c 2025 
300 |a 74 s. 
100 1 |a Darnady, Ivan 
700 1 |a Polednáková, Anna, 1957- 
710 2 |a Fakulta podnikového manažmentu EU. Katedra podnikových financií